प्रतिभा साधन (Record no. 45174)

MARC details
000 -LEADER
fixed length control field 00435nam a2200169Ia 4500
008 - FIXED-LENGTH DATA ELEMENTS--GENERAL INFORMATION
fixed length control field 220531s9999 xx 000 0 und d
041 ## - LANGUAGE CODE
Language code of text/sound track or separate title eng
100 ## - MAIN ENTRY--PERSONAL NAME
Personal name फडके, ना. सी.
9 (RLIN) 81860
245 ## - TITLE STATEMENT
Title प्रतिभा साधन
250 ## - EDITION STATEMENT
Edition statement 1ST
260 ## - PUBLICATION, DISTRIBUTION, ETC. (IMPRINT)
Place of publication, distribution, etc. Pune
Name of publisher, distributor, etc. Deshmukh Ani Co.
Date of publication, distribution, etc. 2008
300 ## - PHYSICAL DESCRIPTION
Extent 226
542 ## - INFORMATION RELATING TO COPYRIGHT STATUS
Copyright holder 12-03-2016
650 ## - SUBJECT ADDED ENTRY--TOPICAL TERM
Topical term or geographic name as entry element General
9 (RLIN) 81861
906 ## - LOCAL DATA ELEMENT F, LDF (RLIN)
d 2015-2016
f 8723
Holdings
Withdrawn status Lost status Source of classification or shelving scheme Damaged status Not for loan Collection code Home library Current library Date acquired Vendor Cost, normal purchase price Total Checkouts Total Holds Full call number Barcode Date last seen Cost, replacement price Bill Date Koha item type Original Barcode
    Dewey Decimal Classification       Shri Siddhivinayak Mahila Mahavidyalaya Shri Siddhivinayak Mahila Mahavidyalaya 16/03/2016 Smt Suman Raykar 150.00   1 /OPE/MIT/B/25318 SSMM-BK-25318 06/08/2022 150.00 06/08/2022 Books 010025318